LEADER 01889nam a2200397 u 4500 001 000000042555 003 CaOOAMICUS 005 20070226114335.0 008 990304m19989999it af u000 u ita u 020 $a8831192442 020 $a8831192477 020 $a8831192515 035 $a10816127 040 $aDAI$bita$dMSA 041 1 $aita$hmul 245 00$aDizionario enciclopedico del medioevo /$cdirezione di André Vauchez con la collaborazione di Catherine Vincent ; edizione italiana a cura di Claudio Leonardi. 260 $aRoma :$bCittà Nuova,$c1998-1999. 300 $a3 v. :$bIll. (teilw. farbig) ;$c28 cm 504 $aLiteraturangaben. 505 1 $a1. A-E. -- 2. F-O. -- 3. P-Z. 700 1 $aVauchez, André,$d1938-$0(OLS)http://pul/name/625 700 1 $aLeonardi, Claudio,$d1926-2010.$0(OLS)http://pul/name/1040 700 1 $aVincent, Catherine.$0(OLS)http://pul/name/31240 850 $aPUL 852 $aPUL$W1$xSL Cons. Gen., Altre Classi 1$y1$m1396 E 1-3$j57484$nBK-PRI$b $qStampati$B57484$CPULBib$Z2$F57484 $H $81 852 $aPUL$W1$xSL Cons. Gen., Altre Classi 1$y1$m1396 E 1-3$j57484$nBK-PRI$b $qStampati$B57485$CPULBib$Z2$F57485 $H $81 852 $aPUL$W1$xSL Cons. Gen., Altre Classi 1$y1$m1396 E 1-3$j57484$nBK-PRI$b $qStampati$B57486$CPULBib$Z2$F57486 $H $81 941 1 $a8 961 $aINV: 88392, 88393, 88394 961 $aINV: 88392, 88393, 88394 961 $aINV: 88392, 88393, 88394 996 $6020$a8831192442$9(OLS)http://pul/number/53057 996 $6020$a8831192477$9(OLS)http://pul/number/53058 996 $6020$a8831192515$9(OLS)http://pul/number/53059 996 $6245$aDizionario enciclopedico del medioevo$9(OLS)http://pul/title/57422 996 $6260$aRoma :$bCittà Nuova$9(OLS)http://pul/publisher/47927 LEADER 01010nam a2200265 u 4500 001 000000064142 003 CaOOAMICUS 005 20070226121326.0 008 011114s1924 fr u000 u fre u 035 $a10909824 040 $aPUL(R)$bita 100 1 $aCouchoud, Paul Louis,$dn. 1879.$0(OLS)http://pul/name/39504 245 10$aBenoit de Spinoza /$cPaul-Louis Couchoud. 260 $aParis :$bAlcan,$c1924. 300 $a308 p. ;$c23 cm 490 1 $aLes grands philosophes 504 $aBibliografia in nota. 600 14$aSpinoza, Benedictus de,$d1632-1677.$0(OLS)http://pul/subject/4837 830 4$aLes Grands philosophes (F. Alcan).$0(OLS)http://pul/title/35327 850 $aPUL 852 $aPUL$W1$xDP2 Filosofia 1$y62$m83 D 31$j83197$nBK-PRI$b $qStampati$B83197$CPULBib$Z2$F83197 $81 941 1 $a8 961 $aTimbri: Bibliotheca P. Athenaeum Seminarii Rom. 996 $6245$aBenoit de Spinoza$9(OLS)http://pul/title/85477 996 $6260$aParis :$bAlcan$9(OLS)http://pul/publisher/50788